| 000 | 03575nam0a2200385 4500 | ||
|---|---|---|---|
| 001 | RU\NLR\BIBL_A\012927715 | ||
| 005 | 20260419201926.0 | ||
| 010 |
_a978-5-4386-1984-0 _918 |
||
| 021 |
_aRU _bКН-П-22-063881 _9КН-П-22-5521 |
||
| 035 | _a(NLR Aleph) 012927715 | ||
| 035 | _a(RuMoRGB)011216605 | ||
| 090 |
_a13658456 _c13658456 |
||
| 100 | _a20221101d2021 u y0rusy50 ca | ||
| 101 | 0 | _arus | |
| 102 | _aRU | ||
| 105 | _aa|||j|||000zy | ||
| 181 | 0 |
_ai _baxxe |
|
| 182 | 0 | _an | |
| 200 | 1 |
_aМатематическое моделирование и его применение в технике _eучебное пособие _eдля студентов высших технических учебных заведений _fО. П. Томчина, Д. В. Горлатов _gМинистерство образования и науки Российской Федерации, Федеральное государственное бюджетное образовательное учреждение высшего образования Санкт-Петербургский государственный архитектурно-строительный университет |
|
| 203 |
_aТекст _bвизуальный _cнепосредственный |
||
| 210 |
_aСанкт-Петербург _cСвое изд-во _d2021 |
||
| 215 |
_a204 с. _cил., табл. _d20 |
||
| 320 | _aБиблиогр.: с. 201 (12 назв.) | ||
| 330 | _aСодержится теоретический материал по дисциплинам "Моделирование электротехнических систем", "Моделирование элементов и систем электроснабжения объектов стройиндустрии". Дается понятие моделирования, определяются различные виды моделирования, в том числе, математического. Приводится классификация моделей и сферы их применения. Изучаются методы математического моделирования, применяемые в различных прикладных (технических) науках. Рассматриваются синтез моделей для технических систем, взаимосвязь моделей, переход от одной модели к другой. Изучаются особенности моделирования линейных непрерывных и дискретных систем, нелинейных непрерывных и дискретных систем. Предназначено для студентов высших технических учебных заведений | ||
| 606 | 1 |
_aТехника _xМатематические основы _jУчебные издания для высших учебных заведений _2nlr_sh2 _3RU\NLR\AUTH\6601571169 |
|
| 606 | 1 |
_aМатематическое моделирование _jУчебные издания для высших учебных заведений _2nlr_sh1 _2nlr_sh2 _3RU\NLR\AUTH\6611207 |
|
| 675 |
_a519.87(075.8) _v4 |
||
| 686 | 1 | _aЖ.с11я73-1 | |
| 686 | 1 | _aВ1я73-1 | |
| 700 | 1 |
_aТомчина _bО. П. _gОльга Петровна |
|
| 701 | 1 |
_aГорлатов _bД. В. _gДмитрий Владимирович |
|
| 942 | _cBOOK | ||
| 980 | _aNB | ||